000 00732nam a2200241 i 4500
001 bg
245 0 0 _aElitaryzm - mistrz w edukacji /
_cred. Mariola Szczepańska ; Pomorska Akademia Pedagogiczna w Słupsku.
260 _aSłupsk :
_bWydaw. Uczelniane PAP,
_c2001.
300 _a116, [1] s. :
_bil. ;
_c25 cm.
504 _aBibliogr. przy ref.
650 9 _aNauczanie
650 9 _aNauczyciele
655 _aMateriały konferencyjne
700 1 _aSZCZEPAŃSKA, Mariola.
_eRed.
710 0 _aPomorska Akademia Pedagogiczna (Słupsk)
020 _a8388731955
040 _cBPK
041 0 _apol
080 _a371.15:371.3.02](061)
920 _a83-88731-95-5
942 _cKS
008 s pl f |000 0 pol
999 _c42496
_d42496
856 _uhttp://koha.tu.koszalin.pl/cgi-bin/koha/opac-detail.pl?biblionumber=42496
_yKatalog online BPK